Statistics for Nato Members Map Quiz

Click here to take the quiz!

General Stats

  • This quiz has been taken 27 times
  • The average score is 26 of 30

Answers on the Map

Answers color-coded by a green-red scale on the quiz's map according to % correct below.
 

Answer Stats

Answer% Correct
Canada
96%
Albania
92%
Croatia
92%
Denmark
92%
Estonia
92%
France
92%
Belgium
88%
Czech Republic
88%
Greece
88%
Iceland
88%
Italy
88%
Latvia
88%
Norway
88%
Portugal
88%
Spain
88%
United Kingdom
88%
United States
88%
Bulgaria
84%
Germany
84%
Hungary
84%
Lithuania
84%
Luxembourg
84%
Netherlands
84%
North Macedonia
84%
Poland
84%
Romania
84%
Slovenia
84%
Turkey
84%
Montenegro
80%
Slovakia
76%

Score Distribution

Percentile by Number Answered

Percent of People with Each Score

Your Score History

You have not taken this quiz